| 000 | 00763cam a2200217 a 4500 | ||
|---|---|---|---|
| 020 | _a9780759110984 (cloth : alk. paper) | ||
| 020 | _a0759110980 (cloth : alk. paper) | ||
| 020 | _a9780759110991 (pbk. : alk. paper) | ||
| 020 | _a0759110999 (pbk. : alk. paper) | ||
| 040 | _cDLC | ||
| 082 | 0 | 0 | _a363 ALT 2008 C160 Or. |
| 245 | 0 | 0 |
_aAntiquities under siege : _bcultural heritage protection after the Iraq war / |
| 260 |
_aLanham, MD : _bAltaMira Press, _cc2008. |
||
| 300 |
_axx, 322 p., [12] p. of plates : _bill., maps ; _c23 cm. |
||
| 650 | 0 | _aIraq War, 2003-2011 | |
| 650 | 0 | _aArchaeological thefts | |
| 650 | 0 | _aCultural property | |
| 700 | 1 | _aRothfield, Lawrence, | |
| 856 | 4 | 1 | _uhttp://www.loc.gov/catdir/toc/ecip083/2007043447.html |
| 942 | _cAEDBB | ||
| 999 |
_c19073 _d19073 |
||